000 00405nam a2200181Ia 4500
005 20251020182554.0
008 200515s9999 xx 000 0 und d
082 _aR/69(03)/D14/1
110 _aLexus
245 0 _aEnciclopedia practica del constructor
260 _aBarcelona
260 _c199?
300 _a120
650 _aCONSTRUCCION
650 _aLIB
650 _aMATERIALES
942 _cLIB
999 _c2819
_d2819